Cimbalové oddelenie na Akadémii umení v Banskej Bystrici

Bibliographic Details
Main Author: Herencsár, Viktória, 1953- (Author)
Other Authors: Strenáčiková, Mária, 1952- (Reviewer), Skála, Daniel, 1981- (Reviewer)
Format: Book
Language:Slovak
PhysicalDescription:105 strán fotografie 21 cm
Published: Banská Bystrica Akadémia umení v Banskej Bystrici 2021
ISBN:9788082060532
Edition:Vydanie prvé
Subjects:

MARC

LEADER 00000cam a2200000 4500
001 vtls012124819
003 SK-MaSNL
005 20260426013647.0
008 220224s2021 xo o gr 000 0 slo
015 |a SNBA2022/04 
020 |a 9788082060532  |q (brožované) 
040 |a SNK  |b slo  |c SNK  |e rda 
041 0 |a slo 
044 |a xo  |c SK 
072 7 |a 780.6  |x Hudobné nástroje a príslušenstvo. Hudobné nástroje  |2 konspekt 
080 |a 780.616.41  |2 2011 
080 |a 681.817  |2 2001 
080 |a (048.8)  |2 2011 
100 1 |a Herencsár, Viktória,  |d 1953-  |4 aut  |9 203041 
245 1 0 |a Cimbalové oddelenie na Akadémii umení v Banskej Bystrici  |c Viktória Herencsár 
250 |a Vydanie prvé 
264 1 |a Banská Bystrica  |b Akadémia umení v Banskej Bystrici  |c 2021 
300 |a 105 strán  |b fotografie  |c 21 cm 
336 |a text  |b txt  |2 rdacontent 
337 |a bez média  |b n  |2 rdamedia 
338 |a zväzok  |b nc  |2 rdacarrier 
366 |e 150 kusov 
504 |a Obsahuje bibliografické odkazy 
650 0 7 |a cimbal  |2 SNKPH  |9 69569 
650 0 7 |a strunové nástroje  |2 SNKPH  |9 120325 
650 0 7 |a Cimbalom  |2 SNKPHeng  |9 430860 
650 0 7 |a Stringed instruments  |2 SNKPHeng  |9 416252 
651 7 |a Slovensko  |2 SNKPH  |9 14231 
651 7 |a Slovakia  |2 SNKPHeng  |9 92630 
651 7 |a Banská Bystrica (Slovensko)  |2 SNKPH  |9 22015 
651 7 |a Banská Bystrica (Slovakia)  |2 SNKPHeng  |9 243794 
655 7 |a monografie  |2 SNKPH  |9 70139 
655 7 |a Monographs  |2 SNKPHeng  |9 120675 
700 1 |a Strenáčiková, Mária,  |d 1952-  |4 rev  |9 40254 
700 |a Skála, Daniel,  |d 1981-  |4 rev  |9 722703 
852 |a Akadémia umení v Banskej Bystrici 
919 |a 978-80-8206-053-2 
958 |a NB 
999 |c 1129655  |d 1131585 
952 |a SNK  |b SNK  |y PREZ  |7 0  |p 17A1472081  |o snkSC 196653  |i snk2022/4164  |8 0  |0 0  |1 0  |4 0  |d 2022-03-17  |f 1  |l 0  |r 2025-10-16 00:00:00  |w 2026-02-24 
952 |a SNK  |b SNK  |y VYP  |7 0  |p 17A1472082  |o snkSC 196653 D1  |i snk2022/4165  |8 0  |0 0  |1 0  |4 0  |d 2022-03-17  |l 0  |r 2026-02-24 18:58:11  |w 2026-02-24